000
00286nam a22001337a 4500
003
SGT
082
_a
630
_b
SMI
100
_a
SMITH JOHN
245
_a
A TREATISE ON THEIR CULTIVATION
260
_a
LONDON
_b
ROBERT PUBLICATION
_c
1866
300
_a
412
650
_a
AG
942
_2
ddc
_c
RARE
999
_c
33706
_d
33706